Nonlinear science today

Αποθηκεύτηκε σε:
Λεπτομέρειες βιβλιογραφικής εγγραφής
Μορφή: Περιοδική έκδοση
Γλώσσα:English
Δημοσίευση: New York, NY : Springer-Verlag, 1991-1995
Θέματα:
Ετικέτες: Προσθήκη ετικέτας
Δεν υπάρχουν, Καταχωρήστε ετικέτα πρώτοι!

MARC

LEADER 00000nas a2200000 i 4500
001 1/54002
008 040506c19911995 eng d
022 |a 09389008 
035 |l 10073192 
040 |a GR-MY-UA  |b gre  |e aacr 
041 0 |a eng 
082 0 |a 501.17505 
245 1 0 |a Nonlinear science today  |h [περιοδικό] 
260 |a New York, NY :   |b Springer-Verlag,   |c 1991-1995 
300 |a 4τ.;  |b εικ.;  |c 28 εκ. 
310 |a τριμηνιαίο 
650 0 0 |a Nonlinear theories  |x Periodicals. 
970 |a ΜΑΛΑΓΑΡΗ  |b ΦΩΤΕΙΝΗ  |z 20040426